000 00852nam a2200253Ia 4500
003 OSt
005 20221005113034.0
006 a|||||r|||| 00| 0
007 ta
008 221004b |||||||| |||| 00| 0 pan d
020 _a8171830897 (hbk)
_c180
024 _a2699
037 _b707, 21/01/2013, Bright Book Service
_cTextual
040 _aCRL
_cCRL
_bpan
041 _2pan
_apan
082 _aO153,1N351,MA, Q0
100 _aਅਮਰ, ਜੁਗਿੰਦਰ
245 0 _aਮਹਾਂਮਾਰੀ
260 _aਦਿੱਲੀ
_bਬਿFਨ ਕੌਰ ਐ੍ਵਡ ਸੰਸ ਭਾਰਤ
_c2010
300 _a104ਪੰ
_ccm.
650 _aਪੰਜਾਬੀ ਸਾਹਿਤ
942 _hO153,1N351,MA, Q0
_cTEXL
_2cc
999 _c1026860
_d1026860